| 000 | 00744nam a22002537a 4500 | ||
|---|---|---|---|
| 003 | CHAP | ||
| 005 | 20220329140549.0 | ||
| 008 | 971013s r 00010 d | ||
| 010 | _a54005 | ||
| 011 | _a54977 | ||
| 035 | _a59129 | ||
| 040 | _cCHAP | ||
| 090 | _aB-989 | ||
| 245 | _aSelected references on diseases of pea (Pisum sativum L.) in India, 1979-85 | ||
| 500 | _aICRISAT Library | ||
| 590 |
_aBATCH-UPD _b10 _c20130110 _lUCH01 _h0321 |
||
| 590 |
_aBATCH-UPD _b10 _c20130409 _lUCH01 _h2354 |
||
| 590 |
_aBATCH-UPD _b10 _c20130914 _lUCH01 _h0928 |
||
| 590 |
_aCONVERSION _b10 _c20130109 _lUCH01 _h1329 |
||
| 650 | 1 | 4 |
_aChÃcharo _xEnfermedades. _922826 |
| 901 | _aBK | ||
| 942 | _cLIBRO | ||
| 949 |
_aB-989 _bBC _cBIB _d-127970 _eBIB _i59129 _si |
||
| 999 |
_c54005 _d54005 |
||